01882nam a22002897a 4500003000900000008004100009040007100050082002500121110005500146245006800201260003200269300002900301440006600330505085500396650002001251650002601271650002001297650001701317650002901334700002901363700002701392700002201419700003201441700003301473700003101506710005501537AR-CdUCM190425b ||||| |||| 00| 0 spa d aMUNICIPALIDAD PROVINCIAL DEL CUSCOcBIBLIOTECA MUNICIPAL DEL CUSCO aRev.Univ/N°104/1953 aUniversidad Nacional de San Antonio Abad del Cusco aRevista Universitaria :bÓrgano de la Universidad del Cuzco / aCusco :bH.G. Rozas,c1953. a339 páginas. :c20 cm. aRevista UniversitarianAño XLII, 1° semestre 1953, N°104. aContenido: Saludo a la Universidad de Salamanca. -- La constitución el orden jurídico y el sistema procesal civil peruano. Cesar Muñiz. -- Historia de la cultura peruana. Atilio Sivirichi. -- Cajamarca corregimiento, partido, provincia y departamento. Horacio Villanueva Urteaga. -- Arte cuzqueño la custodia de la Iglesia de la Merced. Jorge Cornejo Bouroncle. -- La ciudad prehispánica de Qqusi chaca y los grupos arqueológicos que la integran. -- Mañana un aporte para la mejor comprensión de una cultura. Lajos D´ebneth. -- Jacques Maritain y su concepto de la ciencia. -- Que es la concepción del Universo. Fernando Manrique. -- Mortalidad por edades tabla de mortalidad y expectativa de vida para la ciudad del Cuzco. Gustavo Núñez del Prado. -- Problemas antropológicos del área andina. Oscar Núñez del Prado.  aCultura peruana aHistoria de Cajamarca aArte cusqueño aArte popular aArqueología cusqueña aCornejo Bouroncle, Jorge aAstete Abrill, Antonio aSivirichi, Atilio aVillanueva Urteaga, Horacio aNúñez del Prado, Gustavo aNúñez del Prado, Oscar aUniversidad Nacional de San Antonio Abad del Cusco